| 000 | 00451nam a2200133Ia 4500 | ||
|---|---|---|---|
| 008 | 200619s9999 xx 000 0 und d | ||
| 020 | _a8178770709 | ||
| 100 | _aNagabhushana D.S. | ||
| 245 | 0 | _aJayaprakash Narayana Ondu Apoorva Kranthiya Kathe: (Jayaprakash Narayan: The Story of an in Complete Revolution) | |
| 264 |
_aMysore _bAbhiruchi Prakashana _c2008 |
||
| 300 | _a200 | ||
| 942 | _cIR | ||
| 999 |
_c120354 _d120354 |
||